Ο "Ακάθιστος ύμνος" και τα προβλήματά του
Αποθηκεύτηκε σε:
| Κύριος συγγραφέας: | |
|---|---|
| Μορφή: | Βιβλίο |
| Γλώσσα: | Greek |
| Δημοσίευση: |
Αθήνα :
Ιδρυμα Γουλανδρή-Χορν,
1993
|
| Σειρά: | Οψεις της βυζαντινής κοινωνίας ;
; 3 |
| Θέματα: | |
| Ετικέτες: |
Προσθήκη ετικέτας
Δεν υπάρχουν, Καταχωρήστε ετικέτα πρώτοι!
|
MARC
| LEADER | 00000nam a2200000 i 4500 | ||
|---|---|---|---|
| 001 | 1/99896 | ||
| 008 | 950406s1993 gre d | ||
| 020 | |a 960-7079-07-8 | ||
| 035 | |l 10011484 | ||
| 040 | |a GR-MY-UA |b gre |e aacr | ||
| 041 | 0 | |a gre | |
| 082 | 0 | |a 291.38 | |
| 100 | 1 | |a Δετοράκης, Θεοχάρης Ε. | |
| 245 | 1 | 2 | |a Ο "Ακάθιστος ύμνος" και τα προβλήματά του / |c Θεοχάρης Ε. Δετοράκης |
| 260 | |a Αθήνα : |b Ιδρυμα Γουλανδρή-Χορν, |c 1993 | ||
| 300 | |a 45 σ. | ||
| 490 | 1 | |a Οψεις της βυζαντινής κοινωνίας |v ; 3 | |
| 650 | 0 | 0 | |a Hymns, Greek. |
| 650 | 0 | 0 | |a Akathists |x History. |
| 830 | 0 | |a Οψεις της βυζαντινής κοινωνίας ; |v ; 3 | |
| 852 | |a INST |b LESVOS |e 19950406 |h 291.38 ΔΕΤ |p 005100006409 |q 005100006409 |t BK |y 0 | ||
| 909 | |a Λ |b 035327 | ||
| 922 | |a 1ΕΛΗ |b 199405 |c ΚΙΟΥΣΟΠΟΥΛΟΥ | ||